000 00450nam a2200205Ia 4500
001 120485
003 YMCAF
005 20230512163815.0
008 210209s1997 ||||||||||||||||| ||und|d
024 _a120485
035 _aG645
040 _aYMCAF
_beng
_cIN-KoLT
041 _aeng
082 _a005.1
_bFAI
100 _aFairley, Richard
245 0 _aSoftware engineering concepts
260 _bTMH
_c1997
300 _a364
942 _2ddc
_cBK
999 _c17058
_d17058